Cell Biology by the numbers / (Record no. 353216)
[ view plain ]
| 000 -LEADER | |
|---|---|
| fixed length control field | 00312nam a2200109Ia 4500 |
| 008 - FIXED-LENGTH DATA ELEMENTS--GENERAL INFORMATION | |
| fixed length control field | 180116s9999 xx 000 0 und d |
| 020 ## - INTERNATIONAL STANDARD BOOK NUMBER | |
| International Standard Book Number | 9780815345374 |
| 100 ## - MAIN ENTRY--PERSONAL NAME | |
| Personal name | Milo, Ron |
| 245 ## - TITLE STATEMENT | |
| Statement of responsibility, etc | Ron Milo, Rob Phillips |
| Title | Cell Biology by the numbers / |
| 260 ## - PUBLICATION, DISTRIBUTION, ETC. (IMPRINT) | |
| Name of publisher, distributor, etc | Taylor & Francis Group Inc. |
| Date of publication, distribution, etc | 2016 |
| 300 ## - PHYSICAL DESCRIPTION | |
| Extent | 356 pages |
| Withdrawn status | Lost status | Damaged status | Home library | Current library | Shelving location | Date acquired | Source of acquisition | Total Checkouts | Full call number | Barcode | Date last seen | Price effective from | Koha item type |
|---|---|---|---|---|---|---|---|---|---|---|---|---|---|
| South SEED-LPDH College Library | South SEED-LPDH College Library | South SEED-LPDH College Section | 01/16/2018 | Library Fund | QH 585.5.D38 .M661 2016 | SSLC1599 | 05/15/2018 | 01/16/2018 | Books |